00355nam a2200133Ia 4500008004100000041000800041082001600049100001700065245004100082260003800123300002700161365001600188700001700204230718s9999 xx 000 0 und d aeng a621.03bPRA aPrabhakar K. aDictionary Of Mechanical Engineering c2009bPacific books International a315d In Ref. Section  cRs.b450.00 aPrabhakar K.